[Event "Rosario Bandera Memorial"]
[Site "Rosario"]
[Date "2017.06.20"]
[Round "7"]
[White "Santianes, Nahuel"]
[Black "Savoretti, Ernesto"]
[Result "0-1"]
[WhiteElo "1796"]
[BlackElo "2026"]
[PlyCount "84"]
[EventDate "2017.06.17"]
[EventType "swiss"]
[EventRounds "7"]
[EventCountry "ARG"]
[SourceTitle "EXT 2018"]
[Source "ChessBase"]
[SourceDate "2017.10.13"]
[SourceVersion "1"]
[SourceVersionDate "2017.10.13"]
[SourceQuality "1"]

1. e4 c5 2. Nf3 d6 3. d4 cxd4 4. Nxd4 Nf6 5. Nc3 g6 6. Be3 Bg7 7. f3 0-0 8. Qd2 Nc6 9. 0-0-0 d5 10. exd5 Nxd5 11. Nxc6 bxc6 12. Bd4 e5 13. Bc5 Be6 14. Ne4 Re8 15. h4 h6 16. g4 Qc7 17. g5 h5 18. Bc4 Red8 19. Qf2 Qb7 20. Rd2 Nf4 21. Bxe6 Nxe6 22. Bd6 Nd4 23. Rhd1 Qa6 24. Kb1 c5 25. Bxc5 Rab8 26. c3 Ne6 27. Rxd8+ Rxd8 28. Rxd8+ Nxd8 29. Bxa7 Qd3+ 30. Kc1 Bf8 31. Nf6+ Kg7 32. Qd2 Qf1+ 33. Kc2 Ne6 34. Qe3 Qb5 35. Qd3 Qa4+ 36. Kc1 Qxa7 37. Qd5 Qe3+ 38. Kc2 Nf4 39. Ne8+ Kh8 40. Qxf7 Qd3+ 41. Kb3 Qd1+ 42. Kc4 Qa4+ 0-1

[Event "Rosario Bandera Memorial"]
[Site "Rosario"]
[Date "2017.06.17"]
[Round "2"]
[White "Falcon, Benjamin"]
[Black "Santianes, Nahuel"]
[Result "1-0"]
[WhiteElo "2132"]
[BlackElo "1796"]
[PlyCount "39"]
[EventDate "2017.06.17"]
[EventType "swiss"]
[EventRounds "7"]
[EventCountry "ARG"]
[SourceTitle "CBM 179 Extra"]
[Source "ChessBase"]
[SourceDate "2017.08.23"]
[SourceVersion "1"]
[SourceVersionDate "2017.08.23"]
[SourceQuality "1"]

1. e4 e5 2. Nf3 Nc6 3. Bb5 a6 4. Ba4 Nf6 5. d3 b5 6. Bb3 Be7 7. 0-0 d6 8. a4 b4 9. a5 0-0 10. Nbd2 Be6 11. Nc4 Qc8 12. h3 h6 13. Re1 Rb8 14. Bd2 Nd7 15. Be3 f5 16. Nxd6 cxd6 17. Bxe6+ Kh8 18. Bxf5 Qc7 19. Nd2 Nxa5 20. Bxd7 1-0

[Event "Santa Fe IRT Club Espanol B"]
[Site "Santa Fe"]
[Date "2015.12.20"]
[Round "7.1"]
[White "Santianes, Nahuel"]
[Black "Grego, Maximiliano"]
[Result "1/2-1/2"]
[WhiteElo "1791"]
[BlackElo "1815"]
[PlyCount "58"]
[EventDate "2015.12.16"]
[EventType "tourn"]
[EventRounds "7"]
[EventCountry "ARG"]
[SourceTitle "EXT 2024"]
[Source "ChessBase"]
[SourceDate "2023.10.10"]
[SourceVersion "1"]
[SourceVersionDate "2023.10.10"]
[SourceQuality "1"]

1. e4 c6 2. d4 d5 3. Nc3 dxe4 4. Nxe4 Bf5 5. Ng3 Bg6 6. h4 h6 7. Nf3 Nd7 8. h5 Bh7 9. Bd3 Bxd3 10. Qxd3 Ngf6 11. Bd2 Qc7 12. 0-0-0 0-0-0 13. Ne4 Nxe4 14. Qxe4 Nf6 15. Qe2 e6 16. c3 Bd6 17. Ne5 Bxe5 18. dxe5 Nd7 19. f4 Qa5 20. Kb1 Nc5 21. b4 Qa6 22. Qxa6 Nxa6 23. Be3 Kc7 24. Kc2 b6 25. Rxd8 Rxd8 26. Rd1 Rd5 27. a4 c5 28. b5 Nb8 29. c4 Rxd1 1/2-1/2

[Event "Santa Fe IRT Club Espanol B"]
[Site "Santa Fe"]
[Date "2015.12.19"]
[Round "4.3"]
[White "Sanchez, Christian"]
[Black "Santianes, Nahuel"]
[Result "0-1"]
[WhiteElo "2012"]
[BlackElo "1791"]
[PlyCount "114"]
[EventDate "2015.12.16"]
[EventType "tourn"]
[EventRounds "7"]
[EventCountry "ARG"]
[SourceTitle "EXT 2024"]
[Source "ChessBase"]
[SourceDate "2023.10.10"]
[SourceVersion "1"]
[SourceVersionDate "2023.10.10"]
[SourceQuality "1"]

1. d4 d5 2. c4 e6 3. Nc3 Nf6 4. Nf3 c6 5. e3 Nbd7 6. Bd3 Bd6 7. 0-0 0-0 8. Qc2 Re8 9. Rd1 dxc4 10. Bxc4 Qc7 11. e4 e5 12. Qb3 Re7 13. Bg5 h6 14. Bh4 exd4 15. Rxd4 Ne5 16. Nxe5 Bxe5 17. Bg3 Bxg3 18. hxg3 Be6 19. Rad1 Bxc4 20. Qxc4 Rae8 21. Qd3 Kf8 22. b3 a6 23. a4 c5 24. Rd8 Rxd8 25. Qxd8+ Qxd8 26. Rxd8+ Re8 27. Rxe8+ Kxe8 28. e5 Nd7 29. Ne4 Ke7 30. f4 b6 31. Kf2 f6 32. a5 b5 33. exf6+ gxf6 34. Ke3 f5 35. Nc3 Ke6 36. Kf3 h5 37. Ke2 Nb8 38. Kd3 Nc6 39. Na2 Nxa5 40. b4 c4+ 41. Kd4 Nb3+ 42. Ke3 Kd6 43. Nc3 Nc1 44. Kd4 Nb3+ 45. Ke3 Kc6 46. Ne2 Kb6 47. g4 hxg4 48. Ng3 a5 49. bxa5+ Nxa5 50. Nxf5 b4 51. Kd4 c3 52. Ne3 Kb5 53. Kd3 g3 54. Nd1 Nc4 55. f5 Kc5 56. Ke2 Kd4 57. f6 Ne5 0-1

[Event "Villa Ballester Verano op 62nd"]
[Site "Villa Ballester"]
[Date "2012.01.20"]
[Round "2"]
[White "Santianes, Nahuel"]
[Black "Martinez de Negri, Agustin Gonzalo"]
[Result "0-1"]
[WhiteElo "1859"]
[BlackElo "2119"]
[PlyCount "28"]
[EventDate "2012.01.19"]
[EventType "swiss"]
[EventRounds "9"]
[EventCountry "ARG"]
[SourceTitle "EXT 2013"]
[Source "ChessBase"]
[SourceDate "2012.11.22"]
[SourceVersion "1"]
[SourceVersionDate "2012.11.22"]
[SourceQuality "1"]

1. e4 e5 2. Nf3 Nc6 3. Bb5 Bc5 4. 0-0 Nge7 5. c3 Bb6 6. d4 exd4 7. cxd4 d5 8. Re1 0-0 9. Nc3 Bg4 10. Nxd5 Bxf3 11. Nxe7+ Qxe7 12. Qxf3 Nxd4 13. Qd3 Rad8 14. Ba4 Qb4 0-1

[Event "Buenos Aires Bolivar op 4th"]
[Site "Buenos Aires"]
[Date "2011.06.21"]
[Round "7"]
[White "Benedetti, Claudio"]
[Black "Santianes, Nahuel"]
[Result "1-0"]
[WhiteElo "2058"]
[BlackElo "1867"]
[PlyCount "48"]
[EventDate "2011.06.13"]
[EventType "swiss"]
[EventRounds "9"]
[EventCountry "ARG"]
[SourceTitle "EXT 2014"]
[Source "ChessBase"]
[SourceDate "2013.11.20"]
[SourceVersion "1"]
[SourceVersionDate "2013.11.20"]
[SourceQuality "1"]

1. d4 d5 2. c4 e6 3. Nc3 Nf6 4. cxd5 exd5 5. Bg5 Be7 6. e3 c6 7. Bd3 0-0 8. Qc2 h6 9. Bh4 Nbd7 10. Nf3 b5 11. 0-0 a5 12. Rfd1 Ba6 13. Bf5 Bc8 14. Rac1 Ra6 15. Bxf6 Bxf6 16. e4 b4 17. Ne2 g6 18. Bh3 dxe4 19. Qxe4 Re8 20. Qc2 Nb6 21. Bxc8 Nxc8 22. Ng3 Ne7 23. Ne5 Bg5 24. Qe4 Rb6 1-0

[Event "Buenos Aires Bolivar op 4th"]
[Site "Buenos Aires"]
[Date "2011.06.20"]
[Round "6"]
[White "Santianes, Nahuel"]
[Black "Echeguren, Gustavo Fabian"]
[Result "1/2-1/2"]
[WhiteElo "1867"]
[BlackElo "2052"]
[PlyCount "81"]
[EventDate "2011.06.13"]
[EventType "swiss"]
[EventRounds "9"]
[EventCountry "ARG"]
[SourceTitle "EXT 2014"]
[Source "ChessBase"]
[SourceDate "2013.11.20"]
[SourceVersion "1"]
[SourceVersionDate "2013.11.20"]
[SourceQuality "1"]

1. e4 c5 2. Nf3 d6 3. d4 cxd4 4. Nxd4 Nf6 5. Nc3 a6 6. Be3 Ng4 7. Bg5 h6 8. Bh4 g5 9. Bg3 Bg7 10. Qd2 Nc6 11. Nb3 b5 12. f3 Nge5 13. 0-0-0 Be6 14. Nd5 Nc4 15. Bxc4 bxc4 16. Na1 Rb8 17. c3 Ne5 18. Nb4 Qb6 19. Bf2 Qb7 20. Qc2 a5 21. Qa4+ Kf8 22. Qxa5 Ra8 23. Qb6 Qc8 24. Nac2 Nd3+ 25. Nxd3 cxd3 26. Rxd3 Bxa2 27. Bd4 Bc4 28. Bxg7+ Kxg7 29. Rdd1 Rb8 30. Qd4+ f6 31. Ne3 Bb3 32. Nf5+ Kf7 33. Rde1 Qa6 34. Kd2 Qa2 35. Ke3 Be6 36. b4 Qxg2 37. Qa7 Bxf5 38. exf5 Qc2 39. Re2 Qxf5 40. Kf2 Kg6 41. Qxe7 1/2-1/2